| 000 | 00591nam a2200181Ia 4500 | ||
|---|---|---|---|
| 003 | SGT | ||
| 020 | _a9788120300545 | ||
| 082 |
_a621.38411 _bJOR |
||
| 100 | _aJordan,Edward C | ||
| 245 | _aElectromagnetic waves and radiating systems | ||
| 250 | _a2nd Ed. | ||
| 260 |
_bPHI Learning Private Limited _aNew Delhi _c2005 |
||
| 300 | _a753p. | ||
| 650 | _aELECTRONICS ENGINEERING | ||
| 653 | _aFUNDAMENTALS OF ELECTROMAGNETIC ANALYSIS,ELECTROSTATICS,THE STEADY MAGNETIC FIELD,MAXWELL' S EQUATIONS,ELECTROMAGNETIC WAVES,GUIDED WAVE,WAVE GUIDES | ||
| 700 | _aBalmain,Keith G | ||
| 942 |
_2ddc _cBK |
||
| 999 |
_c5097 _d5097 |
||